00431 2200181 4500001002100000005001500021008004100036020002200077035001900099041000700118082000800125090001400133100001600147245002800163260002200191300002500213650001100238INLIS00000000000272120241224112605241224||||||||| | ||| |||| || |  a978-979-8003-59-2 0010-1224002721 aen0 a819 a819 AJI k0 aAjip Rosidi00aKudu Dimimitian Di Imah bKiblat Buku Utama a114 hlm;14.5 x 20 cm 0aSastra